| 000 | 01269nam a22002657a 4500 | ||
|---|---|---|---|
| 005 | 20170124103115.0 | ||
| 010 | _aA-888503 | ||
| 020 |
_c200.00 _a8170280214 |
||
| 035 | _aA-888503 | ||
| 037 | _bCen Lib/Ret | ||
| 040 |
_aDPL _bHN |
||
| 082 |
_a483.2 _bश्रीवास्त |
||
| 100 |
_a श्रीवास्तव, गोपीनाथ _944612 |
||
| 245 |
_aराजपाल राजभाषा प्रयोग कोश : _cगोपीनाथ श्रीवास्तव _bअंग्रेजी हिंदी / |
||
| 246 |
_aRajpal rajbhasha prayog kosh : hindi angrezi / _bby Gopinath Shreevastava |
||
| 250 | _a5th ed | ||
| 260 |
_a दिल्ली _bराजपाल एंड संस _c1997 |
||
| 270 |
_bदिल्ली _aकश्मीरी गेट _e110006 |
||
| 300 |
_a267पृ. _c20सेमी(सजिल्द ) |
||
| 650 |
_aलोक प्रशासन - शब्दकोश _x _z _980703 |
||
| 650 |
_aबैंकों और बैंकिंग - शब्दकोशों _980704 |
||
| 650 |
_aPublic administration -- Dictionaries. _980705 |
||
| 650 |
_aBanks and banking -- Dictionaries. _980706 |
||
| 942 |
_2ddc _cHN _h483.2 _mश्रीवास्त |
||
| 999 |
_c118529 _d118529 |
||